| 000 | 00410nmm a2200145Ia 4500 | ||
|---|---|---|---|
| 008 | 251105s9999||||xx |||||||||||||||||und|| | ||
| 041 | _aspa | ||
| 100 | _aAlarcón, Pedro Antonio de | ||
| 245 | 0 | _aEl capitán veneno | |
| 264 |
_a[Madrid, España] : _bSaga Egmont, _c2020 |
||
| 300 | _a168 páginas | ||
| 650 | _aSpanish narrative | ||
| 856 | _uhttps://public.digitaliapublishing.com/a/99914 | ||
| 942 | _cCF | ||
| 999 |
_c106768 _d106768 |
||